书目信息 |
| 题名: |
实用射频测试和测量
|
|
| 作者: | 朱辉 著 | |
| 分册: | ||
| 出版信息: | 北京 电子工业出版社 2010.01 |
|
| 页数: | 238页 | |
| 开本: | 24cm | |
| 丛书名: | IT工程师宝典·通信 | |
| 单 册: | ||
| 中图分类: | TN911.23 | |
| 科图分类: | ||
| 主题词: | 无线电信号--射频--信号检测 | |
| 电子资源: | ||
| ISBN: | 978-7-121-10024-6 | |
| 000 | 00844nam 2200241 450 | |
| 001 | 012010608522 | |
| 005 | 20100813160234.70 | |
| 010 | @a978-7-121-10024-6@dCNY41.80 | |
| 100 | @a20100515d2010 em y0chiy0110 ea | |
| 101 | 0 | @achi |
| 102 | @aCN@b110000 | |
| 105 | @aak z 000yy | |
| 200 | 1 | @a实用射频测试和测量@Ashi yong she pin ce shi he ce liang@f朱辉著@Fzhu hui zhu |
| 210 | @a北京@c电子工业出版社@d2010.01 | |
| 215 | @a238页@c图@d24cm | |
| 225 | 2 | @aIT工程师宝典·通信@i通信 |
| 330 | @a本书基于作者多年来从事射频测试和测量的经验和实验结果,从工程应用的角度,深入探讨了各种射频器件和射频系统的测试和测量问题,并列举了一些典型的测试案例。 | |
| 410 | 0 | @12001 @aIT工程师宝典·通信 |
| 606 | 0 | @a无线电信号@x射频@x信号检测 |
| 690 | @aTN911.23@v4 | |
| 701 | 0 | @a朱辉@Azhu hui@4著 |
| 801 | 0 | @aCN@c20100515 |
| 905 | @dTN911.23@eZ843@f5 | |
| 实用射频测试和测量/朱辉著.-北京:电子工业出版社,2010.01 |
| 238页:图;24cm.-(IT工程师宝典·通信.通信) |
| ISBN 978-7-121-10024-6:CNY41.80 |
| 本书基于作者多年来从事射频测试和测量的经验和实验结果,从工程应用的角度,深入探讨了各种射频器件和射频系统的测试和测量问题,并列举了一些典型的测试案例。 |
| ● |
| 相关链接 |
|
|
|
正题名:实用射频测试和测量
索取号:TN911.23/Z843
 
预约/预借
| 序号 | 登录号 | 条形码 | 馆藏地/架位号 | 状态 | 备注 |
| 1 | 1028194 | 210281942 | 自科二线400A/400A自科库 5排1列2层/ [索取号:TN911.23/Z843] | 在馆 | |
| 2 | 1028195 | 210281951 | 自科库301/301自科库 34排2列5层/ [索取号:TN911.23/Z843] | 在馆 | |
| 3 | 1028196 | 210281960 | 自科库301/301自科库 34排2列5层/ [索取号:TN911.23/Z843] | 在馆 | |
| 4 | 1028197 | 210281979 | 自科二线400A/400A自科库 5排1列6层/ [索取号:TN911.23/Z843] | 在馆 | |
| 5 | 1028198 | 210281988 | 自科库301/404自科库 17排3列4层/ [索取号:TN911.23/Z843] | 在馆 |